[Event "POL-ch U12"]
[Site "Uniejow"]
[Date "2021.07.20"]
[Round "2"]
[White "Kraczek, Cezary"]
[Black "Chomicki, Kornel"]
[Result "0-1"]
[WhiteElo "1424"]
[BlackElo "1249"]
[PlyCount "120"]
[EventDate "2021.07.18"]
[EventType "swiss"]
[EventRounds "9"]
[EventCountry "POL"]
[SourceTitle "EXT 2022"]
[Source "ChessBase"]
[SourceDate "2021.10.06"]
[SourceVersion "1"]
[SourceVersionDate "2021.10.06"]
[SourceQuality "1"]

1. e4 e5 2. Nf3 Nc6 3. d4 exd4 4. Nxd4 Bc5 5. Be3 Qf6 6. c3 b6 7. g3 Bb7 8. Bg2 h6 9. 0-0 Nge7 10. Nb5 Rc8 11. e5 Qxe5 12. Nd4 Qf6 13. Nd2 Rb8 14. Nxc6 Bxc6 15. Ne4 Bxe4 16. Bxe4 Bxe3 17. fxe3 Qe6 18. Qd3 0-0 19. b3 a5 20. c4 d6 21. Rae1 Rfe8 22. Bh7+ Kh8 23. Be4 Kg8 24. Bh7+ Kh8 25. Be4 Rbc8 26. a4 Rf8 27. Bf5 Nxf5 28. Qxf5 Qxf5 29. Rxf5 f6 30. Kf2 Kh7 31. g4 Kg6 32. h4 Rfe8 33. h5+ Kf7 34. Kf3 Re6 35. e4 Rce8 36. Kf4 Ke7 37. Re3 Kd7 38. Re1 c6 39. Re3 Re5 40. Rxe5 fxe5+ 41. Kg3 Rf8 42. Re1 Ke6 43. Re3 Rf1 44. Re2 Rf4 45. Re1 d5 46. exd5+ cxd5 47. cxd5+ Kxd5 48. Rc1 Rf7 49. Re1 e4 50. Rd1+ Ke5 51. Rd8 e3 52. Re8+ Kd4 53. Rd8+ Ke4 54. Re8+ Kd3 55. Rd8+ Ke2 56. Re8 Kd2 57. Rd8+ Ke1 58. Re8 e2 59. Re6 Kf1 60. Rxe2 Kxe2 0-1